000 01416cam a2200397Ka 4500
001 ocm65182706
003 OCoLC
005 20180530154401.0
008 060322s2005 nyua b 000 1 spa d
020 _a0439765579 (pbk.)
020 _a9780439765572 (pbk.)
035 _a(OCoLC)65182706
040 _aDVA
_beng
_cDVA
_dGK8
_dBDX
_dOCLCA
_dOCLCF
_dOCLCA
_dOCLCQ
_dOCL
_dQT4
041 1 _aspa
_heng
049 _aORXA
050 4 _aPZ7.L8432
_bFte 2005
082 0 4 _a[E]
_222
099 _fSPANISH
_ajE LONDON 2005
100 1 _aLondon, Jonathan,
_d1947-
240 1 0 _aFroggy's day with Dad.
_lSpanish.
245 1 0 _aFroggy y su papa /
_cpro Jonathan London ; illustrado por Frank Remkiewicz.
260 _aNew York :
_bScholastic,
_cc2005.
300 _a1 volume (unpaged) :
_bcolor illustrations ;
_c21 x 25 cm.
336 _atext
_btxt
_2rdacontent.
337 _aunmediated
_bn
_2rdamedia.
338 _avolume
_bnc
_2rdacarrier.
500 _aOriginally published: New York : Viking, 2004.
520 _aFroggy and his dad celebrate Father's Day with a game of miniature golf, among other things.
546 _aEspa©łol/Spanish.
600 0 0 _aFroggy
_c(Fictitious character)
_vJuvenile fiction.
650 7 _aRanas
_vNovela.
_2bidex.
650 7 _aPadres e hijos
_vNovela.
_2qlsp.
690 _aSpanish language edition
_vJuvenile fiction.
700 1 _aRemkiewicz, Frank,
_eillustrator.
942 _cBK
999 _c20820
_d20820